List of Terraria NPCs - Statistics

General Stats
  • This quiz has been taken 282 times
  • The average score is 19 of 32
Answer Stats
Pre-Hardmode % Correct
Guide
98%
Merchant
93%
Nurse
85%
Arms Dealer
79%
Goblin Tinkerer
78%
Dryad
77%
Cyborg
73%
Mechanic
73%
Party Girl
71%
Steampunker
71%
Demolitionist
70%
Painter
67%
Witch Doctor
67%
Angler
66%
Traveling Merchant
64%
Wizard
64%
Clothier
59%
Dye Trader
59%
Tax Collector
58%
Skeleton Merchant
56%
Stylist
56%
Pirate
55%
Golfer
54%
Santa Claus
53%
Zoologist
53%
Tavernkeep
51%
Old Man
47%
Truffle
47%
Town Cat
27%
Town Dog
27%
Town Bunny
26%
Mc MoneyPants
18%
No matching quizzes found
Score Distribution
Percent of People with Each Score
Percentile by Number Answered
Your Score History
You have not taken this quiz